00477nam a2200181 a 4500001001300000003000900013005001700022008004100039020001000080082001600090100002700106245004100133260003500174300000900209500003500218650001500253700002700268nice12345678IN_TiNIC20260116012201.0070702s1958 paka grp 000 0 urd  ac10000a297.86bBAR aBarham, Abdur Rab Kahn aBalai Damishg Aur Khilafat-E-islamia aPakistan bNo Publisher c1958 a196p aincludes index and biblioraphy aAhmadiyyah1 aBarham, Abdur Rab Kahn